Movies Quiz

Random Movies or Actor Quiz

Prepositional Movies Quiz Stats

 Plays Quiz Updated Jan 10, 2020

Support Sporcle.
Go Orange.
Score 0/22 Timer 07:00
0 Plays Today
Actors Movie Title % Correct
Henry Fonda, Katharine Hepburn, Jane FondaOn Golden Pond
46.6%
Marlon Brando, Karl Malden, Rod SteigerOn the Waterfront
44%
Sidney Poitier, Rod SteigerIn the Heat of the Night
36%
Meryl Streep, Robert RedfordOut of Africa
29.4%
John Malkovich, Gary SiniseOf Mice and Men
29.1%
Burt Lancaster, Deborah Kerr, Montgomery CliftFrom Here to Eternity
23.8%
Clint Eastwood, John Malkovich, Rene RussoIn the Line of Fire
22.9%
Ethan Hawke, Julie DelpyBefore Sunrise
22.1%
Ralph Fiennes, Colin FarrellIn Bruges
20.9%
Bruce Willis, Garry Shandling, Steve CarellOver the Hedge
20.6%
Diane Lane, Sandra Oh, Lindsay DuncanUnder the Tuscan Sun
20.4%
Actors Movie Title % Correct
Sean Connery, Lotte Lenya, Robert ShawFrom Russia with Love
19.7%
Steven Seagal, Tommy Lee Jones, Gary BuseyUnder Siege
19.5%
Owen Wilson, Gabriel Macht, Gene HackmanBehind Enemy Lines
18.9%
Tom Wilkinson, Sissy Spacek, Nick StahlIn the Bedroom
17.3%
Rob Lowe, Demi Moore, James BelushiAbout Last Night ...
17%
Sidney Poitier, Judy GeesonTo Sir With Love
15.4%
Roger Moore, Topol, Lynn-Holly JohnsonFor Your Eyes Only
11.7%
Bette Midler, James Caan, George SegalFor the Boys
10.9%
Kevin Spacey, Kate Bosworth, John GoodmanBeyond the Sea
9.9%
Rachel Ward, Jeff Bridges, James WoodsAgainst All Odds
9.1%
David Niven, Cantinflas, Shirley MacLaineAround the World in 80 Days
8%

From the Vault

Disney Title Characters

by LTH

Movies 6m
Just be glad we're not asking you to name all 101 of the Dalmatians.
Remove Ads.
Support Sporcle.
Get the best of Sporcle when you Go Orange. This ad-free experience offers more features, more stats, and more fun while also helping to support Sporcle. Thank you for becoming a member.

Show Comments

Extras

Top Quizzes Today


Score Distribution

Your Account Isn't Verified!

In order to create a playlist on Sporcle, you need to verify the email address you used during registration. Go to your Sporcle Settings to finish the process.

Report this User

Report this user for behavior that violates our Community Guidelines.

Details: